000 00864nam a22002897a 4500
003 CHAP
005 20220329140902.0
008 971013s1972 es a r 00010 spa d
010 _a59286
011 _a60258
035 _a64418
040 _cCHAP
082 0 0 _a628.16
_bP8
100 0 0 _aPuente Catalán, Cabo de la.
_992894
245 1 _aBacteriologĂ­a y potabilidad del agua
260 _aMadrid :
_b(s.e.),
_c1972
300 _a268 p.
_b: ilus.
590 _aBATCH-UPD
_b10
_c20130110
_lUCH01
_h0443
590 _aBATCH-UPD
_b10
_c20130410
_lUCH01
_h0120
590 _aBATCH-UPD
_b10
_c20130914
_lUCH01
_h0257
590 _aCONVERSION
_b10
_c20130109
_lUCH01
_h1332
650 1 4 _aAgua potable.
_92442
650 1 4 _aAgua
_xBacteriologia.
_92314
901 _aBK
942 _cLIBRO
949 _a628.16 P8
_bBC
_cLIBRO
_d33724000827465
_eLIBRO
_h45899
_i64418
_si
_t320.00
999 _c59286
_d59286